000 00483nam a2200193Ia 4500
005 20250122052252.0
008 240331s9999 xx 000 0 und d
020 _a0195641795
082 _bTHA
_26000
_a305.4
245 0 _aEmbodiment:
_bEssays on Gender and Identity
260 _aOxford
_bOxford University Press
_c1997
300 _axiii, 340 p.,
650 _aGender
650 _aIdentity
650 _aWomen
650 _aFeminity
700 _aThapan, M
_eedt
942 _cL
999 _c2477
_d2477